000 00297 a2200121 4500
001 64090
082 _a620.521 DIW
090 _c37861
_d37861
100 _aDiwan.Parag,Dr
245 _aNanotechnology Revolution
_hEnglish
260 _aNew Delhi
_bPentagon Press
_c2006
300 _axvii, 317p.
942 _aNUST-CAE
_k620.521 DIW
999 _c299163
_d299163